| 000 | 01015nam a22002777a 4500 | ||
|---|---|---|---|
| 003 | 0 | ||
| 005 | 20180721130244.0 | ||
| 008 | 0 | ||
| 010 | _aA-954613 | ||
| 020 | _c150.00 | ||
| 035 | _aA-954613, B-036757 | ||
| 037 | _bCen Lib/Ret | ||
| 040 |
_aDPL _bHN _c0 |
||
| 082 |
_aक _bप्रेमपी |
||
| 100 |
_aप्रेम, पी.सी.के. _951147 |
||
| 245 |
_aइतने बरस बाद / _cप्रेम पी.सी.के. |
||
| 246 |
_aItne baras bad / _bby P.C.K. Prem |
||
| 260 |
_aदिल्ली _bनिर्मल पब्लिकेशन्स _c1998 |
||
| 270 |
_bदिल्ली _aए- 139, गली -3, कबीर नगर, शाहदरा _e110032 |
||
| 300 |
_a159पृ. _c21सेमी (सजिल्द) |
||
| 650 |
_aहिन्दी साहित्य _951148 |
||
| 650 |
_aकहानियां _951149 |
||
| 650 |
_aHindi literature _951150 |
||
| 650 |
_aStories _97500 |
||
| 942 |
_2ddc _cHN _hक _mप्रेमपी |
||
| 999 |
_c113213 _d113213 |
||